000 00322 a2200145 4500
001 163975
020 _a
040 _cMagnum
100 _aBandeira, Pedro
240 1 0 _aO monstro do mar: poluicao do mar
_lpor
245 1 0 _aO monstro do mar: poluicao do mar
362 0 _a1899
697 _aIJ/ECOLOGIA
942 _cBK
999 _c163975
_d163975